000 01663nam a22001577a 4500
003 NUST
040 _a0
082 _a621.382,AWA
100 _aAwais, Aatir
_9118103
245 _aDesign an Application Compatible with HF Radios for Messaging and Data Sharing /
_cMaj Awais Ahmed, Capt Aatir Awais, Capt Malik Shahzaman and Capt Muhammad Nouman. (BETE-56)
264 _aMCS, NUST
_bRawalpindi
_c2023
300 _aix, 26 p
505 _aHF radios can be used to establish long-range communication, making them useful for emergency response, disaster relief, and military operations, where reliable communication is crucial for safety and coordination. In remote areas or situations where infrastructure is damaged, HF messaging applications can provide a means of communication when other forms of communication are unavailable. Additionally, HF messaging applications can provide a secure means of communication that is not reliant on third-party services, making them a viable option for sensitive communications in high-security environments. The goal of our project is to design an application that is capable of sending messaging on HF Radios being used by the military, which can provide data sharing over the voice channel, which can be more efficient in terms of speed of delivery in the battlefield. Our project is indigenously developed and its integration with HF radios is done on known procedures: which are not known in the existing application held by Pak Army. We also help to provide affordable hardware for integrating the application with military-grade HF Radios.
700 _aSupervisor Muhammad Junaid Khan
_9118104
942 _2ddc
_cPR
999 _c603139
_d603139